| 000 | 00812cam a22002653a 4500 | ||
|---|---|---|---|
| 001 | 23231 | ||
| 003 | PGUSA | ||
| 005 | 20140828083508.0 | ||
| 008 | 071029s2007||||xxu|||||s|||||000 1 eng d | ||
| 040 |
_aPGUSA _beng |
||
| 042 | _adc | ||
| 050 | 4 | _aPS | |
| 100 | 1 |
_aLee, Hannah Farnham Sawyer, _d1780-1865 |
|
| 245 | 1 | 0 |
_aRich Enough : _ba tale of the times _h[electronic resource] / _cHannah Farnham Sawyer Lee |
| 260 |
_bProject Gutenberg, _c2007 |
||
| 506 | _aPublic domain in the USA. | ||
| 516 | _aElectronic text | ||
| 653 | _aWealth -- Religious aspects -- Fiction | ||
| 653 | _aSaving and investment -- Fiction | ||
| 653 | _aSimplicity -- Fiction | ||
| 653 | _aConduct of life -- Fiction | ||
| 830 | 0 |
_aProject Gutenberg _v23231 |
|
| 856 | 4 | 0 | _uhttp://www.gutenberg.org/ebooks/23231 |
| 942 | _cEB | ||
| 999 |
_c252486 _d252486 |
||